Expansion and coexistence: soviet foreign policy, 1917-73

Salvato in:
Dettagli Bibliografici
Autore principale: Ulam, Adam B (Autore)
Natura: Libro
Lingua:inglese
Pubblicazione: Nueva York Praeger 1974
Edizione:2a. ed
Soggetti:
Tags: Aggiungi Tag
Nessun Tag, puoi essere il primo ad aggiungerne!!

MARC

LEADER 00000nam a2200000 a 4500
001 UCO7581
003 CL-VaPUC
008 001117e19740000US |||||||||||||||||eng|d
082 0 4 |a 327.0947  |b ULA  |2 21 
100 0 |a Ulam, Adam B  |e author  |9 452115 
245 1 0 |a Expansion and coexistence: soviet foreign policy, 1917-73 
250 |a 2a. ed 
300 |a 797 p 
942 |c BK 
945 |d 20001117 00:00:00  |a crobeson 
260 |a Nueva York  |b Praeger  |c 1974 
500 |a Donación del profesor Manfred Wilhelmy von Wolff 
650 0 |a Política exterior   |9 316628 
650 0 |a Relaciones Internacionales  |9 255740 
650 0 |a Historia diplomática  |9 314834 
651 0 |a Unión Soviética  |9 256769 
583 |a last modification  |c 20001117 00:00:00  |k Rodrigo Vera 
999 |c 292471  |d 292469 
952 |0 0  |1 0  |4 0  |6 327_094700000000000_ULA_1974  |7 0  |8 A  |9 343386  |a BIBHIS  |b BIBHIS  |d 2019-11-20  |i 1228595  |l 3  |m 3  |o 327.0947 ULA 1974  |p 1228595  |r 2025-01-20  |s 2023-11-20  |w 2019-11-20  |y BK  |k HIS